LDR 01073naa#a2200217#i#450# 001 RU\\bibl\121476 005 20260430030220.4 011 ## _a1994-4683 100 ## _a20230531b2023####ek#y0rusy0150####ca 102 ## _aRU 200 1# _aРОЛЬ СОЦИАЛЬНО-ПСИХОЛОГИЧЕСКОГО КЛИМАТА В ФОРМИРОВАНИИ НАВЫКОВ САМООРГАНИЗАЦИИ СТУДЕНТОВ _eЖурнальная статья 210 1# _aМосква _cНациональный государственный Университет физической культуры, спорта и здоровья им. П.Ф. Лесгафта _d2023 215 ## _a3 с. 608 ## _aЖурнальная статья _2local 675 ## _aВысшее образование. Высшая школа. Подготовка научных кадров. 378 _z 700 #1 _aФортыгина _gС Н 700 #1 _aПавлова _gЛ Н 700 #1 _aЗабродина _gИ В 700 #1 _aФомина _gЛ Б 700 #1 _aСтерлигова _gЕ А 856 4# _auchzapiski.lesgaft.spb.ru _u